00869nam a2200241Ia 450000500170000000800410001702000670005808200160012510000220014124500670016326000320023065000280026265000210029065000240031165000180033565000170035365000220037065000330039265000250042594200070045099900150045795201550047220260511200248.0260511s9999 xx 000 0 und d a0585278032 (unknown binding) | 9780585278032 (unknown binding) a005.133 GOT aGottfried, Byrons 0aSchaum's outline of theory and problems of programming with c. bMcGraw HillaNew Yorkc1990 aArtificial Intelligence aComputer Science aCreative Technology aCybersecurity aData Science aGames Development aInformation Techonology (IT) aSoftware Engineering cBK c9023d9023 031040708Computer ScienceaAUIbAUIcComputer Scienced2015-06-03eNot available.o005.133 GOTpP0772yBKzWrite off in 2018 IBD/AU/231/10/LIB M-14